Ensayos de persuasión (Registro nro. 3745)

Detalles MARC
000 -LEADER
fixed length control field 02143 a2200241 4500
001 - CONTROL NUMBER
control field 43888
005 - DATE AND TIME OF LATEST TRANSACTION
control field 20260407155720.0
008 - FIXED-LENGTH DATA ELEMENTS--GENERAL INFORMATION
fixed length control field 260407a2008 arg spa d
003 - CONTROL NUMBER IDENTIFIER
control field AR-UNSa-BCEJYS
040 ## - CATALOGING SOURCE
Original cataloging agency AR-UNSa-BCEJYS
Language of cataloging spa
Transcribing agency AR-UNSa-BCEJYS
080 ## - UNIVERSAL DECIMAL CLASSIFICATION NUMBER
Universal Decimal Classification number 338(4)
Common auxiliary subdivision Situación económica de Europa. Política económica. Gestión de la economía. Planificación de la economía. Producción. Servicios. Precios
020 ## - INTERNATIONAL STANDARD BOOK NUMBER
International Standard Book Number 978-84-9756-612-4
041 ## - LANGUAGE CODE
Language code of text/sound track or separate title spa
100 1# - MAIN ENTRY--PERSONAL NAME
Personal name Pascual, Jordi
245 10 - TITLE STATEMENT
Title Ensayos de persuasión
264 #1 - PRODUCTION, PUBLICATION, DISTRIBUTION, MANUFACTURE, AND COPYRIGHT NOTICE
Place of production, publication, distribution, manufacture Madrid :
Name of producer, publisher, distributor, manufacturer Fundación ICO
Date of production, publication, distribution, manufacture, or copyright notice 2008
300 ## - PHYSICAL DESCRIPTION
Extent 422 p.
Dimensions 22 cm.
505 ## - FORMATTED CONTENTS NOTE
Formatted contents note 1. París (1919) - 2. La capacidad de Alemania para pagar reparaciones (1919) - 3. Propuestas para la reconstrucción de Europa (1919) - 4. El cambio de la opinión pública (1921) - 5. Las deudas de guerra y los Estados Unidos (1921, 1925, 1928) - 6. Inflación (1919) - 7. Consecuencias sociales de los cambios en el valor del dinero (1923) - 8. El franco francés (1926, 1928) - 9. ¿Puede hacerlo Lloyd George? (1929) - 10. La gran depresión de 1930 (diciembre de 1930) - 11. Economía (1931) - 12. Consecuencias del hundimiento de los valores monetarios en el sistema bancario (agosto 1931) - 13. "Auri sacra fames" (septiembre de 1930) - 14. Fines alternativos de la policía monetaria (1923) - 15. Sugerencias positivas para la futura regulación del dinero (1923) - 16. Los discursos de los presidentes de la banca (1924, 1925, 1927) - 17. Las consecuencias económicas de Churchill (1925) - 18. Mitigación por medio del arancel (1931) - 19. El final del patrón oro (27 de septiembre de 1931) - 20. Breve panorama de Rusia (1925) - 21. El fin del "laissez-faire" (1926) - 22. ¿Soy un liberal? (1925) - 23. Liberalismo y laborismo (1926) - 24. Clissold (1927) - 25. Las posibilidades económicas de nuestros nietos (1930) - 26. Los medios para la prosperidad (1933) - 27. Cómo pagar la guerra (1940)
590 ## - LOCAL NOTE (RLIN)
Local note niveau_biblio:m niveau_hierar:0
700 1# - ADDED ENTRY--PERSONAL NAME
Personal name Keynes, John Maynard
856 41 - ELECTRONIC LOCATION AND ACCESS
Uniform Resource Identifier <a href="https://biblioeco.unsa.edu.ar/pmb/images/libros/L126836.jpg">https://biblioeco.unsa.edu.ar/pmb/images/libros/L126836.jpg</a>
Link text Imagen de portada
Electronic format type image/jpeg
942 ## - ADDED ENTRY ELEMENTS (KOHA)
Koha item type
Existencias
Withdrawn status Lost status Damaged status Not for loan Home library Current library Shelving location Date acquired Total checkouts Full call number Barcode Date last seen Price effective from Koha item type
        Biblioteca Prof. Eusebio Cleto del Rey Biblioteca Prof. Eusebio Cleto del Rey   07/04/2026   338(4) K44 L126836 07/04/2026 07/04/2026 Libro